000 00312nam a2200121 a 4500
001 4144
005 20140414131948.0
008 090317s19uu xx 00 eng d
050 _aTR 372.4
_bT68 2001
100 _aTraill, Lyn
245 _aRhyme your way to sound reading, writing and spelling.
999 _c112715
_d112715